[Event "Eastern Ontario op"]
[Site "Ottawa CAN"]
[Date "2003.06.08"]
[Round "5"]
[White "Kuryliw, Ray"]
[Black "Pacey, Kevin"]
[Result "0-1"]
[WhiteElo "2024"]
[BlackElo "2282"]
[PlyCount "86"]
[EventDate "2003.06.07"]
[EventType "swiss"]
[EventRounds "5"]
[EventCountry "CAN"]

1. e4 e5 2. f4 exf4 3. Nf3 g5 4. h4 g4 5. Ne5 Nc6 6. Nxg4 Be7 7. Bc4 Bxh4+ 8.
Nf2 Qg5 9. Kf1 d6 10. d3 Nge7 11. Nh3 Bxh3 12. Rxh3 Na5 13. Qf3 Ng6 14. Bxf7+
Kxf7 15. Nc3 Nc6 16. Nd5 Nd4 17. Qd1 Ne6 18. b3 c6 19. Nc3 h5 20. Bb2 Qg4 21.
Qe2 Qxe2+ 22. Nxe2 Bf6 23. Bxf6 Kxf6 24. Kf2 h4 25. Rf1 d5 26. Nc3 d4 27. Ne2
c5 28. Ng1 Ng5 29. Rh1 Rh7 30. Ke2 Ke5 31. Nh3 Rh5 32. Nf2 Rah8 33. Ng4+ Ke6
34. Kd2 h3 35. g3 f3 36. Nh2 Ne5 37. Rf2 b5 38. a3 Rc8 39. Rb1 Rh7 40. a4 bxa4
41. bxa4 Rhc7 42. Rb5 c4 43. dxc4 Rxc4 0-1

[Event "Eastern Ontario op"]
[Site "Ottawa CAN"]
[Date "2003.06.08"]
[Round "5"]
[White "Maly, Alexey"]
[Black "Al Rayyan, Mohamad"]
[Result "1-0"]
[WhiteElo "2371"]
[BlackElo "2336"]
[PlyCount "53"]
[EventDate "2003.06.07"]
[EventType "swiss"]
[EventRounds "5"]
[EventCountry "CAN"]
[Source "CFC"]
[SourceDate "2003.10.??"]

1. d4 d5 2. c4 c6 3. e3 Nf6 4. Bd3 e6 5. Nf3 Nbd7 6. O-O Be7 7. Nbd2 O-O 8. e4
dxe4 9. Nxe4 Nxe4 10. Bxe4 c5 11. Bc2 cxd4 12. Qxd4 Nc5 13. Qg4 f5 14. Qg3 Qe8
15. Bg5 Bxg5 16. Qxg5 e5 17. Qe3 Nd7 18. Rad1 e4 19. Nd4 a6 20. f3 exf3 21.
Qxf3 g6 22. Rfe1 Qf7 23. c5 Kh8 24. Ne6 Ne5 25. Rxe5 Bxe6 26. Qc3 Kg8 27. Rxe6
1-0

[Event "Echiquier Royal 15 ann."]
[Site "Gatineau CAN"]
[Date "2003.09.05"]
[Round "1"]
[White "Papineau, Andre"]
[Black "Ethier, Valori"]
[Result "1-0"]
[WhiteElo "1807"]
[BlackElo "1467"]
[PlyCount "121"]
[EventDate "2003.09.05"]
[EventType "swiss"]
[EventRounds "5"]
[EventCountry "CAN"]

1. d4 d5 2. c4 c6 3. Nf3 Nf6 4. Nc3 dxc4 5. a4 Bf5 6. e3 e6 7. Bxc4 Nbd7 8. O-O
Bb4 9. Qb3 Qb6 10. Ne2 Be4 11. Ng5 Bd5 12. Nf4 Bd6 13. Nxd5 cxd5 14. Qxb6 Nxb6
15. Bb5+ Ke7 16. b3 h6 17. Nf3 Ne4 18. Bb2 Rhc8 19. Rfc1 Rxc1+ 20. Rxc1 Rc8 21.
Rxc8 Nxc8 22. Bd3 Nf6 23. Bc3 a6 24. h3 Na7 25. Ne1 b5 26. Nc2 Ne8 27. Kf1 Nc7
28. Ba5 Nc6 29. Bxc7 Bxc7 30. axb5 axb5 31. Bxb5 Na5 32. b4 Nb7 33. Ne1 Nd6 34.
Ba6 Ne4 35. Nd3 Kd6 36. Nc5 Nxc5 37. bxc5+ Ke7 38. Ke2 g6 39. Kd3 Kd8 40. Bb7
f5 41. f3 g5 42. e4 fxe4+ 43. fxe4 dxe4+ 44. Kxe4 Ke7 45. g4 Kd7 46. d5 exd5+
47. Bxd5 Ke8 48. Kf5 Kd7 49. Kg6 h5 50. gxh5 Be5 51. Kf7 Bf4 52. h6 g4 53. h7
Be5 54. hxg4 Bd4 55. g5 Bxc5 56. h8=Q Kd6 57. Qd8+ Ke5 58. g6 Bd6 59. g7 Kxd5
60. g8=Q Kc5 61. Qgg5+ 1-0

[Event "Echiquier Royal 15 ann."]
[Site "Gatineau CAN"]
[Date "2003.09.12"]
[Round "2"]
[White "Rose, Richard"]
[Black "Roy, Roger"]
[Result "0-1"]
[WhiteElo "1762"]
[BlackElo "1674"]
[PlyCount "60"]
[EventDate "2003.09.05"]
[EventType "swiss"]
[EventRounds "5"]
[EventCountry "CAN"]

1. e4 c5 2. Nf3 d6 3. d4 cxd4 4. Nxd4 Nf6 5. Nc3 a6 6. Be2 e5 7. Nf3 b5 8. a3
Bb7 9. Bg5 Nbd7 10. O-O Be7 11. Bxf6 Nxf6 12. Qd3 O-O 13. Rad1 Qc7 14. Nd2 Rfd8
15. Nd5 Nxd5 16. exd5 Rac8 17. c3 Qd7 18. h3 f5 19. Nb3 e4 20. Qe3 Bf6 21. g4
g6 22. f3 Re8 23. f4 Qf7 24. Qd2 Ba8 25. Na5 Rc5 26. c4 bxc4 27. Bxc4 Qc7 28.
b4 Rxa5 29. Rc1 Rxa3 30. Bxa6 Qb6+ 0-1

[Event "Echiquier Royal 15 ann."]
[Site "Gatineau CAN"]
[Date "2003.09.12"]
[Round "2"]
[White "Thibault, Mario"]
[Black "Papineau, Andre"]
[Result "1/2-1/2"]
[WhiteElo "1685"]
[BlackElo "1807"]
[PlyCount "128"]
[EventDate "2003.09.05"]
[EventType "swiss"]
[EventRounds "5"]
[EventCountry "CAN"]

1. Nf3 Nf6 2. g3 d5 3. Bg2 g6 4. O-O Bg7 5. d3 O-O 6. Nbd2 c5 7. e4 dxe4 8.
dxe4 Nc6 9. c3 Qc7 10. Re1 Bg4 11. h3 Bxf3 12. Nxf3 e5 13. Qc2 Rad8 14. Bg5 b6
15. Nh2 h6 16. Bxf6 Bxf6 17. Rad1 Bg7 18. Nf1 Rxd1 19. Rxd1 Rd8 20. Ne3 Ne7 21.
Rxd8+ Qxd8 22. Nd5 Kf8 23. Qa4 Nc8 24. Qc6 Qe8 25. Qc7 g5 26. Bf3 Ne7 27. Bh5
Nxd5 28. exd5 e4 29. Qxa7 e3 30. Qa6 exf2+ 31. Kxf2 Qd8 32. Qd3 Be5 33. Qf3 Qc7
34. Bg4 Qd6 35. Bf5 Ke7 36. Be4 Qc7 37. Qe3 Qd7 38. Kg2 f5 39. Bf3 Kd6 40. Qd3
Ke7 41. Qa6 Qc7 42. Qd3 Qd7 43. g4 fxg4 44. Qh7+ Kd8 45. Qxd7+ Kxd7 46. Bxg4+
Kd6 47. Bf3 h5 48. Kf2 g4 49. hxg4 hxg4 50. Bg2 g3+ 51. Ke3 b5 52. Kd3 b4 53.
Kc4 bxc3 54. bxc3 Bf6 55. Kb3 Kc7 56. c4 Kb6 57. Kc2 Ka5 58. d6 Be5 59. d7 Bf6
60. Kd3 Kb6 61. Ke3 Kc7 62. Bh3 Bc3 63. Kf3 Be1 64. a4 Kd8 1/2-1/2

[Event "Echiquier Royal 15 ann."]
[Site "Gatineau CAN"]
[Date "2003.09.19"]
[Round "3"]
[White "Arsenault, Michel"]
[Black "Thibault, Mario"]
[Result "1-0"]
[WhiteElo "2058"]
[BlackElo "1685"]
[PlyCount "83"]
[EventDate "2003.09.05"]
[EventType "swiss"]
[EventRounds "5"]
[EventCountry "CAN"]

1. c4 c6 2. Nf3 d5 3. b3 Nf6 4. Bb2 Bf5 5. g3 e6 6. Bg2 h6 7. O-O Be7 8. d3 O-O
9. Nbd2 Bh7 10. Rc1 Nbd7 11. Rc2 Rc8 12. Qa1 Re8 13. Rfc1 Bf8 14. cxd5 exd5 15.
Bh3 Ra8 16. Ne5 Nxe5 17. Bxe5 Nd7 18. Nf3 Nxe5 19. Nxe5 Bd6 20. Nf3 Qb6 21. Bg2
Re7 22. Qd4 Rae8 23. Kf1 Qa6 24. Qa4 Qxa4 25. bxa4 Bc7 26. Nd4 Bd6 27. Nb3 Bg6
28. Bf3 f5 29. Kg2 Bf7 30. Nd4 g6 31. Rb1 c5 32. Nb5 Bb8 33. Nc3 Rd8 34. a5 g5
35. h3 Kg7 36. Na4 c4 37. dxc4 f4 38. Rd2 Bg6 39. Rbd1 fxg3 40. fxg3 Be8 41.
Nc3 d4 42. Nd5 1-0

[Event "Echiquier Royal 15 ann."]
[Site "Gatineau CAN"]
[Date "2003.09.19"]
[Round "3"]
[White "Lemieux, Richard"]
[Black "Roy, Roger"]
[Result "1/2-1/2"]
[WhiteElo "1702"]
[BlackElo "1674"]
[PlyCount "82"]
[EventDate "2003.09.05"]
[EventType "swiss"]
[EventRounds "5"]
[EventCountry "CAN"]

1. Nf3 c6 2. c4 g6 3. g3 Bg7 4. Bg2 e5 5. e4 Ne7 6. Nc3 O-O 7. O-O d6 8. d4 Nd7
9. d5 Nb6 10. b3 cxd5 11. exd5 Nf5 12. Ne4 Bd7 13. Ba3 Nc8 14. Qd2 a5 15. Rab1
b5 16. g4 b4 17. Bb2 Nh4 18. Nxh4 Qxh4 19. h3 f5 20. gxf5 Bxf5 21. Qe3 Bh6 22.
Qg3 Qxg3 23. fxg3 Be3+ 24. Kh2 Bxe4 25. Rxf8+ Kxf8 26. Bxe4 Ra7 27. Rf1+ Rf7
28. Rxf7+ Kxf7 29. Kg2 Nb6 30. Kf3 Bc5 31. Bc1 a4 32. Bg5 axb3 33. axb3 Nd7 34.
Ke2 Bb6 35. h4 Nc5 36. Bc2 Nd7 37. Kf3 Nf6 38. Bd3 Bc5 39. g4 h5 40. gxh5 gxh5
41. Bf5 Kg7 1/2-1/2

[Event "Echiquier Royal 15 ann."]
[Site "Gatineau CAN"]
[Date "2003.09.26"]
[Round "4"]
[White "Ethier, Valori"]
[Black "Lahaie, Jean-Marc"]
[Result "1/2-1/2"]
[WhiteElo "1467"]
[BlackElo "1339"]
[PlyCount "85"]
[EventDate "2003.09.05"]
[EventType "swiss"]
[EventRounds "5"]
[EventCountry "CAN"]

1. e4 d5 2. exd5 c6 3. dxc6 Nxc6 4. Nf3 a6 5. Nc3 Nf6 6. d4 Bg4 7. Be3 e6 8.
Be2 Bb4 9. O-O Bxc3 10. bxc3 Nd5 11. Qd2 Nxe3 12. Qxe3 O-O 13. Ne5 Nxe5 14.
Qxe5 Bxe2 15. Qxe2 Qd5 16. Rfe1 Rac8 17. Qd3 f6 18. Re3 b5 19. f3 Rc6 20. Qe4
Qc4 21. a3 Rfc8 22. Rb1 e5 23. Rb4 Qa2 24. Rb3 exd4 25. Qxd4 Qxc2 26. Qd7 Qc1+
27. Kf2 Qc2+ 28. Re2 Qg6 29. Re3 Kf8 30. Qe7+ Kg8 31. Qd7 R6c7 32. Qe6+ Qf7 33.
Qxf7+ Kxf7 34. Ke2 Re7 35. Rxe7+ Kxe7 36. Kd3 Rc4 37. Rb4 Rc5 38. Re4+ Kd6 39.
g4 h6 40. Rd4+ Ke5 41. Re4+ Kd6 42. Rd4+ Ke5 43. Re4+ 1/2-1/2

[Event "Echiquier Royal 15 ann."]
[Site "Gatineau CAN"]
[Date "2003.09.26"]
[Round "4"]
[White "Roy, Roger"]
[Black "Desjardins, Michel"]
[Result "1/2-1/2"]
[WhiteElo "1674"]
[BlackElo "1749"]
[PlyCount "74"]
[EventDate "2003.09.05"]
[EventType "swiss"]
[EventRounds "5"]
[EventCountry "CAN"]

1. e4 d5 2. exd5 Qxd5 3. Nc3 Qd6 4. d3 Nf6 5. Be3 a6 6. Nf3 b5 7. a3 Bb7 8. Be2
e6 9. Qd2 Nbd7 10. O-O Be7 11. h3 O-O 12. Ng5 Ne5 13. f4 Ng6 14. Bf3 Bxf3 15.
Nxf3 Rfd8 16. Rae1 Nd5 17. Ne4 Qd7 18. Ne5 Nxe5 19. fxe5 Nxe3 20. Qxe3 Qd4 21.
Qxd4 Rxd4 22. Rf3 h6 23. Ref1 Rf8 24. Rg3 a5 25. Rff3 Rd5 26. Nf6+ Bxf6 27.
exf6 g6 28. Rg4 Rfd8 29. b4 axb4 30. axb4 R8d6 31. c4 Rxd3 32. Rxd3 Rxd3 33.
cxb5 g5 34. Rc4 Rd7 35. h4 Kh7 36. h5 Kg8 37. g4 Rd5 1/2-1/2

[Event "Echiquier Royal 15 ann."]
[Site "Gatineau CAN"]
[Date "2003.09.26"]
[Round "4"]
[White "Thibault, Mario"]
[Black "Lavergne, Daniel"]
[Result "0-1"]
[WhiteElo "1685"]
[BlackElo "1620"]
[PlyCount "112"]
[EventDate "2003.09.05"]
[EventType "swiss"]
[EventRounds "5"]
[EventCountry "CAN"]

1. Nf3 f5 2. d3 Nf6 3. g3 g6 4. Bg2 Bg7 5. O-O O-O 6. c3 d6 7. Qb3+ Kh8 8. Ng5
d5 9. e4 h6 10. e5 hxg5 11. exf6 Bxf6 12. Bf3 Qd6 13. d4 c6 14. Bg2 a5 15. a4
Ra6 16. Na3 Nd7 17. Re1 e5 18. dxe5 Nxe5 19. Rd1 Qe7 20. Be3 Qh7 21. Bd4 c5 22.
Bxe5 Bxe5 23. Qxd5 Bc7 24. Qxc5 Raf6 25. Nb5 Bb6 26. Qe5 f4 27. Rd6 Bxf2+ 28.
Kxf2 fxg3+ 29. Ke3 Qg7 30. Rxf6 Rxf6 31. Nd4 Re6 32. Qxe6 Bxe6 33. hxg3 Qe5+
34. Kd2 Bc4 35. Rh1+ Kg7 36. Re1 Qxg3 37. Bxb7 Qf2+ 38. Kd1 Qxb2 39. Re7+ Kf6
40. Rc7 Qb1+ 41. Kd2 Qd3+ 42. Kc1 Qxc3+ 43. Nc2 Qb3 44. Be4 Bd3 45. Rc6+ Ke5
46. Bxg6 Bxg6 47. Rxg6 Kf4 48. Rf6+ Kg3 49. Rf5 g4 50. Rg5 Qb6 51. Rb5 Qa6 52.
Rg5 Kh3 53. Ne3 g3 54. Rg4 Qe2 55. Re4 g2 56. Nxg2 Qxe4 0-1

[Event "Echiquier Royal 15 ann."]
[Site "Gatineau CAN"]
[Date "2003.10.03"]
[Round "5"]
[White "Desjardins, Michel"]
[Black "Arsenault, Michel"]
[Result "1-0"]
[WhiteElo "1749"]
[BlackElo "2058"]
[PlyCount "101"]
[EventDate "2003.09.05"]
[EventType "swiss"]
[EventRounds "5"]
[EventCountry "CAN"]

1. f4 Nf6 2. b3 g6 3. Bb2 Bg7 4. e3 d6 5. Nf3 O-O 6. Be2 Nc6 7. O-O e5 8. fxe5
Ng4 9. Nc3 dxe5 10. Qc1 Re8 11. e4 Nd4 12. Bc4 Be6 13. Bxe6 Rxe6 14. h3 Nxf3+
15. Rxf3 Qd4+ 16. Kh1 Nf6 17. Nd5 Qxe4 18. Nxc7 Rc6 19. Nxa8 Rxc2 20. Qb1 Rc8
21. Qxe4 Nxe4 22. d3 Nd2 23. Rf2 Rc2 24. Bc1 e4 25. Rxd2 Rxd2 26. Bxd2 Bxa1 27.
Nc7 exd3 28. Nd5 f5 29. Bc3 d2 30. Bxd2 Bd4 31. Be3 Be5 32. Bxa7 Kf7 33. Kg1
Ke6 34. Ne3 Kd7 35. Nc4 Bg7 36. a4 Kc6 37. Kf2 g5 38. Ke3 Bc3 39. Kd3 Be1 40.
Bd4 Kd5 41. Ne5 Bg3 42. Nf3 g4 43. hxg4 fxg4 44. Ng5 Bh4 45. Nxh7 Bd8 46. Nf6+
Kc6 47. Nxg4 Bc7 48. Ne5+ Kd5 49. Nc4 Kc6 50. g4 b6 51. Bxb6 1-0

[Event "Echiquier Royal 15 ann."]
[Site "Gatineau CAN"]
[Date "2003.10.03"]
[Round "5"]
[White "Forget, David"]
[Black "Roy, Roger"]
[Result "0-1"]
[WhiteElo "1552"]
[BlackElo "1674"]
[PlyCount "100"]
[EventDate "2003.09.05"]
[EventType "swiss"]
[EventRounds "5"]
[EventCountry "CAN"]

1. d4 Nf6 2. c4 g6 3. Nc3 d5 4. cxd5 Nxd5 5. e4 Nxc3 6. bxc3 Bg7 7. Bc4 O-O 8.
Nf3 c5 9. O-O Nc6 10. Be3 cxd4 11. cxd4 Bg4 12. Rb1 Bxf3 13. Qxf3 Nxd4 14. Bxd4
Qxd4 15. Bd5 e6 16. Bxb7 Rab8 17. Ba6 Qd6 18. Qd3 Qc6 19. Bb5 Qc5 20. Rfc1 Qg5
21. Bc4 Rxb1 22. Rxb1 Rd8 23. Qa3 Bd4 24. Qc1 Qc5 25. Qc2 Bxf2+ 26. Qxf2 Qxc4
27. Qxa7 Qxe4 28. Rf1 Qd4+ 29. Qxd4 Rxd4 30. Ra1 Ra4 31. Kf2 f5 32. a3 Kf7 33.
Ra2 Kf6 34. Ke3 e5 35. Kd3 e4+ 36. Kc3 Ke5 37. Kb3 Ra8 38. Kc3 f4 39. a4 f3 40.
gxf3 exf3 41. Kd3 Kf4 42. a5 Rd8+ 43. Kc3 Ke3 44. a6 f2 45. Ra1 Ke2 46. Ra2+
Kf3 47. Ra1 Kg2 48. a7 f1=Q 49. a8=Q+ Rxa8 50. Rxa8 Qf3+ 0-1

[Event "Edmonton CC Summer Swiss"]
[Site "Edmonton CAN"]
[Date "2003.07.17"]
[Round "3"]
[White "Asquith, Tom"]
[Black "Beebe, Greg"]
[Result "1-0"]
[WhiteElo "1666"]
[BlackElo "1847"]
[PlyCount "109"]
[EventDate "2003.07.03"]
[EventType "swiss"]
[EventRounds "5"]
[EventCountry "CAN"]

1. e4 e5 2. Nf3 Nf6 3. Nc3 Nc6 4. Bb5 d6 5. O-O Bd7 6. d4 exd4 7. Nxd4 Nxd4 8.
Bxd7+ Qxd7 9. Qxd4 Be7 10. f3 b6 11. Be3 O-O 12. Rad1 Rfd8 13. g4 h6 14. e5
dxe5 15. Qxe5 Bd6 16. Qb5 Qe6 17. Bf2 a6 18. Qe2 Re8 19. Qd3 b5 20. b3 Rad8 21.
Rfe1 Qc8 22. Rxe8+ Nxe8 23. Kg2 Qb7 24. Qe2 Nf6 25. h3 Re8 26. Qd3 Qc6 27. Ne2
Rd8 28. Nd4 Qd7 29. c4 Be5 30. c5 c6 31. Qe3 Re8 32. Qd3 Nd5 33. Ne2 Qe7 34.
Qd2 Bf6 35. Nd4 Bxd4 36. Qxd4 Qe2 37. Re1 Qxe1 38. Bxe1 Rxe1 39. Kf2 Rc1 40.
Kg3 Rc2 41. a4 g5 42. h4 f6 43. Qe4 gxh4+ 44. Kxh4 Ra2 45. Kh5 Kf7 46. Qg6+ Ke6
47. Kxh6 bxa4 48. bxa4 Rxa4 49. Qe8+ Ne7 50. Qb8 Ra3 51. Kg7 Rd3 52. f4 Rd7 53.
Kh6 a5 54. Qe8 a4 55. f5+ 1-0

[Event "Edmonton-ch"]
[Site "Edmonton CAN"]
[Date "2003.01.02"]
[Round "1.1"]
[White "Beebe, Greg"]
[Black "Grumic, Sasa"]
[Result "0-1"]
[WhiteElo "1739"]
[BlackElo "2200"]
[PlyCount "63"]
[EventDate "2003.01.02"]
[EventType "k.o."]
[EventRounds "4"]
[EventCountry "CAN"]
[SourceDate "2003.08.17"]

1. c4 Nf6 2. Nc3 g6 3. g3 Bg7 4. Bg2 O-O 5. Nf3 d6 6. O-O c6 7. d3 Nbd7 8. Qc2
e5 9. Rb1 Re8 10. Rd1 Nf8 11. Ne4 Nh5 12. b4 f5 13. Nc3 Ne6 14. e3 Bd7 15. a4
g5 16. b5 g4 17. Ne1 Ng5 18. bxc6 bxc6 19. Ne2 Nh3+ 20. Kf1 Qf6 21. Rb7 Bc8 22.
Rc7 Qd8 23. Bxc6 Qxc7 24. Bxa8 Bb7 25. Bxb7 Qxb7 26. e4 fxe4 27. dxe4 Rf8 28.
Ng1 Rxf2+ 29. Qxf2 Nxf2 30. Kxf2 Nf6 31. Ng2 Nxe4+ 32. Ke3 0-1

[Event "Edmonton-ch"]
[Site "Edmonton CAN"]
[Date "2003.01.02"]
[Round "1.1"]
[White "Bjornsson, Yngvi"]
[Black "McIntosh, Danny"]
[Result "0-1"]
[WhiteElo "2101"]
[BlackElo "1739"]
[PlyCount "74"]
[EventDate "2003.01.02"]
[EventType "k.o."]
[EventRounds "4"]
[EventCountry "CAN"]
[SourceDate "2003.08.17"]

1. e4 c5 2. Nc3 e6 3. g3 d5 4. exd5 exd5 5. Bg2 Nf6 6. Nge2 Nc6 7. d4 cxd4 8.
Nxd4 Bb4 9. O-O O-O 10. Nce2 Re8 11. c3 Bc5 12. Bg5 Bg4 13. f3 Bh5 14. Kh1 Ne5
15. Nf4 Bg6 16. Nb3 Bb6 17. Bxf6 gxf6 18. Qxd5 Qc7 19. Rad1 Nc4 20. Rfe1 Ne3
21. Qb5 Re5 22. Nd5 Nxd1 23. Nxf6+ Kg7 24. Rxe5 Nf2+ 25. Kg1 Nd3+ 26. Nd4 Nxe5
27. Ne8+ Rxe8 28. Qxe8 Bxd4+ 29. cxd4 Qc1+ 30. Bf1 Nxf3+ 31. Kf2 Bh5 32. Qb5
Qd2+ 33. Qe2 Qxd4+ 34. Qe3 Qxb2+ 35. Be2 Nxh2 36. Qg5+ Bg6 37. Kg2 Qxe2+ 0-1

[Event "Edmonton-ch"]
[Site "Edmonton CAN"]
[Date "2003.01.02"]
[Round "1.1"]
[White "Gagnon, Josh"]
[Black "Gardner, Robert"]
[Result "0-1"]
[WhiteElo "1699"]
[BlackElo "2229"]
[PlyCount "81"]
[EventDate "2003.01.02"]
[EventType "k.o."]
[EventRounds "4"]
[EventCountry "CAN"]
[SourceDate "2003.08.17"]

1. e4 c5 2. Nf3 d6 3. d4 cxd4 4. Nxd4 Nf6 5. Nc3 a6 6. Be2 e5 7. Nb3 Be7 8. O-O
O-O 9. Bg5 Nbd7 10. a4 b6 11. Nd5 Nxd5 12. Qxd5 Rb8 13. Bxe7 Qxe7 14. Rfd1 Nf6
15. Qxd6 Qxd6 16. Rxd6 Nxe4 17. Rc6 Rd8 18. f3 Ng5 19. Bc4 Kf8 20. h4 Ne6 21.
Re1 Bd7 22. Rd6 Ke7 23. Red1 Bxa4 24. Rxd8 Rxd8 25. Rxd8 Nxd8 26. Bxa6 Bxb3 27.
cxb3 Kd6 28. Kf2 Kc5 29. Be2 Nb7 30. Ke3 Nd6 31. g4 Kd5 32. Kd3 f5 33. g5 f4
34. Bd1 Nf5 35. h5 h6 36. gxh6 gxh6 37. b4 Nd4 38. b3 b5 39. Kd2 e4 40. fxe4+
Kxe4 41. Ke1 0-1

[Event "Edmonton-ch"]
[Site "Edmonton CAN"]
[Date "2003.01.02"]
[Round "1.1"]
[White "Gonzalez, Iran"]
[Black "Karmali, Hafiz"]
[Result "0-1"]
[WhiteElo "1742"]
[BlackElo "2016"]
[PlyCount "76"]
[EventDate "2003.01.02"]
[EventType "k.o."]
[EventRounds "4"]
[EventCountry "CAN"]
[SourceDate "2003.08.17"]

1. d4 e6 2. c4 f5 3. g3 Nf6 4. Nf3 Be7 5. Bg2 O-O 6. O-O d6 7. Nc3 Nbd7 8. a4
Ne4 9. Nd2 Nxc3 10. bxc3 e5 11. e4 f4 12. Nf3 g5 13. dxe5 dxe5 14. Qd5+ Kh8 15.
Rd1 c6 16. Qd3 g4 17. Ne1 f3 18. Bf1 Qe8 19. Qe3 Rf6 20. Nd3 Rg6 21. h4 Bf8 22.
Ba3 Bxa3 23. Rxa3 b6 24. Ra2 c5 25. a5 Bb7 26. Rad2 Nf6 27. Nf4 exf4 28. Qxf4
Nxe4 29. Rd7 Bc6 30. Rc7 Nxc3 31. h5 Ne2+ 32. Bxe2 fxe2 33. Re1 Re6 34. Qxg4
Qg8 35. Qf4 Rf8 36. Qd2 Bf3 37. Qc3+ Rff6 38. a6 Qg5 0-1

[Event "Edmonton-ch"]
[Site "Edmonton CAN"]
[Date "2003.01.02"]
[Round "1.1"]
[White "Hughey, Micah"]
[Black "Kazakevich, Anastasia"]
[Result "1-0"]
[WhiteElo "2021"]
[BlackElo "1740"]
[PlyCount "119"]
[EventDate "2003.01.02"]
[EventType "k.o."]
[EventRounds "4"]
[EventCountry "CAN"]

1. d4 d5 2. Nf3 Nf6 3. c4 e6 4. Bg5 Nbd7 5. Nc3 Be7 6. e3 O-O 7. Bd3 dxc4 8.
Bxc4 c5 9. O-O cxd4 10. exd4 Nb6 11. Bb3 Nfd5 12. Bxe7 Nxe7 13. Qd3 Ned5 14. a3
Nf6 15. Rac1 Bd7 16. Ne5 Rc8 17. Rfe1 Nbd5 18. Nxd5 Nxd5 19. Bxd5 exd5 20. Qb3
Bc6 21. Rc5 Re8 22. Rec1 Qf6 23. h3 h6 24. R1c3 Qd6 25. g3 Qe6 26. Kh2 Qd6 27.
Qc2 Re6 28. Qb3 Ree8 29. Rc2 Rf8 30. Nxc6 bxc6 31. Qa4 Qf6 32. Kg2 Qe6 33. Rxc6
Rxc6 34. Rxc6 Qe4+ 35. Kh2 Re8 36. Rc7 Qe1 37. Qc2 g6 38. Rc8 Rxc8 39. Qxc8+
Kg7 40. Qc2 a5 41. Kg2 h5 42. h4 Kh7 43. Qc3 Qe4+ 44. Qf3 Qe6 45. b4 axb4 46.
axb4 Kg7 47. b5 Qd7 48. b6 Qb5 49. Qf4 Qxb6 50. Qe5+ Kg8 51. Qe8+ Kg7 52. Qe5+
Kg8 53. Qxd5 Qc7 54. Qe5 Qd7 55. d5 Kf8 56. d6 f5 57. Qf6+ Qf7 58. Qh8+ Qg8 59.
Qxg8+ Kxg8 60. d7 1-0

[Event "Edmonton-ch"]
[Site "Edmonton CAN"]
[Date "2003.01.02"]
[Round "1.1"]
[White "Vasylev, Yuri"]
[Black "Dean, Tim"]
[Result "1/2-1/2"]
[WhiteElo "2204"]
[BlackElo "1701"]
[PlyCount "120"]
[EventDate "2003.01.02"]
[EventType "k.o."]
[EventRounds "4"]
[EventCountry "CAN"]
[SourceDate "2003.08.17"]

1. e4 e5 2. Nf3 Nc6 3. d4 exd4 4. Bc4 Nf6 5. e5 d5 6. Bb5 Bb4+ 7. c3 dxc3 8.
bxc3 Qe7 9. Bxc6+ bxc6 10. cxb4 Qxb4+ 11. Bd2 Qe4+ 12. Qe2 Qxe2+ 13. Kxe2 Ba6+
14. Ke1 Nd7 15. Nc3 O-O 16. Kd1 Rfe8 17. Re1 Nc5 18. Re3 Nd3 19. Be1 Rab8 20.
Rb1 Nb2+ 21. Kc2 Nc4 22. Bd2 Na3+ 23. Kc1 Nxb1 24. Nxb1 c5 25. Ra3 Bf1 26. Rxa7
Bxg2 27. Ne1 Be4 28. Nc3 Bg6 29. Nc2 d4 30. Nd5 c4 31. Rxc7 c3 32. Nxc3 dxc3
33. Bxc3 Rec8 34. Rxc8+ Rxc8 35. Kb2 Bxc2 36. Kxc2 g6 37. a4 Kf8 38. Kb3 Ke7
39. a5 Kd7 40. Kb4 Kc6 41. Kc4 Kb7+ 42. Kd3 Ka6 43. f4 Rd8+ 44. Ke2 Kb5 45. h4
Kc4 46. Bd2 Rd3 47. Be3 Ra3 48. Bb6 Kd5 49. Kd2 Ke4 50. Bc7 Kd5 51. Ke2 Kc6 52.
Bd8 Kd7 53. Bb6 Rh3 54. Bf2 Ra3 55. Bb6 Kc6 56. Bd8 Kb7 57. Bb6 h5 58. Bd8 Rg3
59. Kf2 Rd3 60. Bb6 Ra3 1/2-1/2

[Event "Edmonton-ch"]
[Site "Edmonton CAN"]
[Date "2003.01.02"]
[Round "1.1"]
[White "Wong, Ford"]
[Black "Wihnon, Jason"]
[Result "0-1"]
[WhiteElo "1966"]
[BlackElo "1807"]
[PlyCount "54"]
[EventDate "2003.01.02"]
[EventType "k.o."]
[EventRounds "4"]
[EventCountry "CAN"]
[SourceDate "2003.08.17"]

1. d4 Nf6 2. c4 g6 3. Nc3 d5 4. cxd5 Nxd5 5. e4 Nxc3 6. bxc3 Bg7 7. Bc4 O-O 8.
Ne2 c5 9. O-O cxd4 10. cxd4 Nc6 11. Be3 Bg4 12. f3 Na5 13. Bxf7+ Rxf7 14. fxg4
Rxf1+ 15. Kxf1 Qd7 16. h3 Rf8+ 17. Kg1 Nc4 18. Qb3 b5 19. a4 a6 20. axb5 axb5
21. Bf2 Rxf2 22. Kxf2 Bxd4+ 23. Nxd4 Qxd4+ 24. Kg3 Qxa1 25. Qxb5 Qc3+ 26. Kh4
Qf6+ 27. Kg3 Qe5+ 0-1

[Event "Edmonton-ch"]
[Site "Edmonton CAN"]
[Date "2003.01.09"]
[Round "1.2"]
[White "Kazakevich, Anastasia"]
[Black "Hughey, Micah"]
[Result "1/2-1/2"]
[WhiteElo "1740"]
[BlackElo "2021"]
[PlyCount "69"]
[EventDate "2003.01.02"]
[EventType "k.o."]
[EventRounds "4"]
[EventCountry "CAN"]

1. e4 c5 2. d4 cxd4 3. c3 Nf6 4. e5 Nd5 5. cxd4 d6 6. Nf3 Nc6 7. Bc4 Nb6 8. Be2
dxe5 9. dxe5 Qxd1+ 10. Bxd1 Nc4 11. Ba4 Bd7 12. Bxc6 Bxc6 13. Nbd2 Nxd2 14.
Bxd2 O-O-O 15. O-O-O Bxf3 16. gxf3 e6 17. Be3 b6 18. Rxd8+ Kxd8 19. Rg1 g6 20.
Rd1+ Kc7 21. a4 Bg7 22. f4 Rd8 23. Rxd8 Kxd8 24. a5 Kc7 25. axb6+ axb6 26. Kc2
Kc6 27. Kc3 Bf8 28. b3 Bc5 29. Kc4 b5+ 30. Kc3 Bxe3 31. fxe3 Kc5 32. e4 h6 33.
h4 h5 34. b4+ Kb6 35. Kd4 1/2-1/2

[Event "Edmonton-ch"]
[Site "Edmonton CAN"]
[Date "2003.01.16"]
[Round "2.1"]
[White "Gardner, Robert"]
[Black "Wihnon, Jason"]
[Result "1-0"]
[WhiteElo "2232"]
[BlackElo "1763"]
[PlyCount "51"]
[EventDate "2003.01.02"]
[EventType "k.o."]
[EventRounds "4"]
[EventCountry "CAN"]

1. Nf3 Nf6 2. c4 g6 3. d4 Bg7 4. Nc3 d5 5. g3 O-O 6. cxd5 Nxd5 7. Bg2 Nb6 8.
O-O Na6 9. e4 c6 10. h3 Be6 11. b3 c5 12. Be3 cxd4 13. Nxd4 Qc8 14. Nxe6 Qxe6
15. Rc1 Rfd8 16. Qe2 Nb4 17. Nb5 Na6 18. e5 Nd5 19. Bd4 Nab4 20. Ba1 Nc6 21.
Bxd5 Qxd5 22. Nc7 Qd7 23. Nxa8 Rxa8 24. e6 fxe6 25. Bxg7 Kxg7 26. Rfd1 1-0

[Event "Edmonton-ch"]
[Site "Edmonton CAN"]
[Date "2003.01.16"]
[Round "2.1"]
[White "Gonzalez, Iran"]
[Black "Vasylev, Yuri"]
[Result "0-1"]
[WhiteElo "1742"]
[BlackElo "2204"]
[PlyCount "22"]
[EventDate "2003.01.02"]
[EventType "k.o."]
[EventRounds "4"]
[EventCountry "CAN"]

1. d4 Nf6 2. g3 c5 3. Bg5 cxd4 4. Bxf6 gxf6 5. Qxd4 Nc6 6. Qh4 Qb6 7. b3 Nd4 8.
Qe4 d5 9. Qd3 Bf5 10. Qc3 Rc8 11. Qb2 Rxc2 0-1

[Event "Edmonton-ch"]
[Site "Edmonton CAN"]
[Date "2003.01.16"]
[Round "2.1"]
[White "Grumic, Sasa"]
[Black "Hughey, Micah"]
[Result "0-1"]
[WhiteElo "2200"]
[BlackElo "2021"]
[PlyCount "92"]
[EventDate "2003.01.02"]
[EventType "k.o."]
[EventRounds "4"]
[EventCountry "CAN"]

1. g3 d5 2. Bg2 c5 3. c4 e6 4. Nf3 Nc6 5. O-O Nf6 6. d3 Be7 7. Nbd2 O-O 8. h3
a6 9. e4 b5 10. e5 Nd7 11. Re1 Bb7 12. b3 Nb4 13. Nf1 dxc4 14. dxc4 Nb6 15. a3
Nd3 16. Re3 Nxc1 17. Qxc1 Qc7 18. N1d2 Rad8 19. Qc2 Rd7 20. Ne4 h6 21. a4 b4
22. g4 Rfd8 23. g5 Bxe4 24. Rxe4 hxg5 25. Bf1 g6 26. h4 gxh4 27. Be2 Kg7 28.
Kh1 Rh8 29. Rg1 Qd8 30. Re3 Nc8 31. Bd3 Rh6 32. Be4 Na7 33. Ree1 Qc8 34. Rd1
Nc6 35. Rxd7 Qxd7 36. Rd1 Qc7 37. Qb2 Rh5 38. Re1 Nxe5 39. Bxg6 fxg6 40. Nxe5
Bf6 41. f4 Bxe5 42. Rxe5 Rxe5 43. fxe5 Qb7+ 44. Kg1 h3 45. Qf2 Qg2+ 46. Qxg2
hxg2 0-1